00848nam a2200193 i 450000100060000000300090000600500170001500700030003200800410003510000260007624501860010226000730028830000470036170000350040870000350044385200330047899900170051195201260052823404ES-MaACL20230906152851.0t|021210s1956 sp ||||1| spa d1 aAllen, John R.91999310aCalefacción y acondicionamiento de aire / cpor John R. Allen, James Herbet Walker, John William James ; traducción de la sexta edición norteamericana por José Batlle Gayan. aBarcelona, etc. : bLabor, c1956 (fTall. Gráfs. Iberoamericanos) a783 p., 3 gráf. pleg. : bil. ; c23 cm.1 aWalker, James Herbert.91159301 aBatlle Gayán, José.926445 aES-MaACLjC--11737 bR.39034 c23404d23404 00102ddc4070aATENEOMbATENEOMcDEPOd2008-01-17eSCl0oC-11737p1024112r2023-02-23 00:00:00w2023-02-23yMONOGRAFIA